[Event "XIV ARRASATE HIRIA XAKE TORNEOA"]
[Site "Arrasate, Gipuzkoa "]
[Date "2014.12.26"]
[Round "4.6"]
[White "De Andres Andres, Eugenio"]
[Black "San Jose Madinabeitia, Iban"]
[Result "1-0"]
[WhiteElo "1722"]
[BlackElo "1721"]
[EventDate "2014.12.22"]
[PlyCount "0"]

1.b3 e5 2.Bb2 Nc6 3.e3 d5 4.Bb5 Bd6 5.f4 Qe7 6.Nf3 Bg4 7.fxe5 Bxe5 8.Bxe5 
Bxf3 9.Qxf3 Qxe5 10.Nc3 Ne7 11.Bxc6+ bxc6 12.O-O O-O 13.Qf5 Ng6 14.Qxe5 
Nxe5 15.Rf4 Ng6 16.Ra4 f5 17.Rf1 Ne7 18.Rff4 g5 19.Rfb4 Nc8 20.Rb7 Rf7 21.
Ra6 Kf8 22.Rxc6 Nb6 23.Rcxc7 1-0